00493nam a22001577a 4500008004100000020001500041050002400056100001800080245008100098250001400179260003800193300005200231504001900283650001300302700002000315150909b xxu||||| |||| 00| 0 eng d a0495015997 aQH 308.2 .S737 2004 aStarr, Cecie. aBiology:bThe unity and diversity of life /cCecie Starr and Ralph Taggart.- a11th ed.: aUSA;bThomson Brooks-Cole,c2006. axxxi, 916 p. : ill.bill,[chiefly col].;c28cm. ainclude index  aBiology. aTaggart, Ralph.